000 00726nam a2200253Ia 4500
003 OSt
005 20220926005357.0
006 a|||||r|||| 00| 0
007 ta
008 220923b |||||||| |||| 00| 0 eng d
037 _cGeneral Book
040 _aRTL
_cRTL
_beng
041 _2eng
_aeng
082 _aX.1(X).N6, K8
100 _aBover P T
_9310145
245 0 _aAlp-vikasit deshon ka arthshastra (Economics of un
260 _a New Delhi
_bShiksha Mantralaya
_c1968
300 _a289p
_ccm.
490 _aHindi
650 _aEconomic Condition Developing Countries
700 _a Yamey B S
_9129599
942 _hX.1(X).N6, K8
_cGB
_2CC
999 _c613605
_d613605